[Event "21. Open Cappelle la Grande"]
[Site "Cappelle la Grande FRA"]
[Date "2005.02.16"]
[Round "6"]
[White "Totsky, Leonid"]
[Black "Olszewski, Michal"]
[Result "1/2-1/2"]
[WhiteElo "2515"]
[BlackElo "2339"]
[PlyCount "69"]
[EventDate "2005.02.12"]
[EventType "swiss"]
[EventRounds "9"]
[EventCountry "FRA"]
[Source "lmi"]
[SourceDate "2005.02.18"]

1. b3 Nf6 2. Bb2 Nc6 3. e3 d6 4. d4 Bf5 5. Nf3 Qd7 6. a3 e5 7. d5 Ne7 8. c4 Bg4
9. Nbd2 g5 10. Qc2 Rg8 11. Bd3 Bxf3 12. gxf3 Bh6 13. O-O-O O-O-O 14. h3 Kb8 15.
Nb1 c6 16. dxc6 Qxc6 17. Nd2 Bg7 18. Kb1 h6 19. h4 g4 20. Ne4 gxf3 21. Nxf6
Bxf6 22. Be4 d5 23. cxd5 Nxd5 24. Qxc6 bxc6 25. Bxf3 Kc7 26. Kc2 a5 27. Rd3 e4
28. Bxe4 Bxb2 29. Bxd5 Bxa3 30. Bxf7 Rgf8 31. Rxd8 Kxd8 32. Bc4 Rxf2+ 33. Kd3
Be7 34. Ke4 Ra2 35. h5 1/2-1/2

[Event "21. Open Cappelle la Grande"]
[Site "Cappelle la Grande FRA"]
[Date "2005.02.16"]
[Round "6"]
[White "Williams, Simon"]
[Black "Peric, Slavisa"]
[Result "1-0"]
[WhiteElo "2487"]
[BlackElo "2230"]
[PlyCount "63"]
[EventDate "2005.02.12"]
[EventType "swiss"]
[EventRounds "9"]
[EventCountry "FRA"]
[Source "lmi"]
[SourceDate "2005.02.18"]

1. d4 d5 2. c4 c6 3. Nc3 Nf6 4. Nf3 a6 5. e3 b5 6. c5 Nbd7 7. b4 Qc7 8. a4 Bb7
9. Bb2 e6 10. Bd3 Be7 11. O-O O-O 12. Qc2 h6 13. Ne2 Rfb8 14. Bc3 Bc8 15. Ng3
Nf8 16. Ne5 N6d7 17. f4 f5 18. Ne2 Nf6 19. h3 Ne4 20. g4 Nd7 21. Kh2 Nxe5 22.
dxe5 a5 23. axb5 cxb5 24. Bxe4 dxe4 25. gxf5 axb4 26. Bxb4 Rxa1 27. Rxa1 exf5
28. Nd4 Bf8 29. Qb3+ Kh7 30. c6 Bxb4 31. Qxb4 Qd8 32. Qd6 1-0

[Event "21. Open Cappelle la Grande"]
[Site "Cappelle la Grande FRA"]
[Date "2005.02.17"]
[Round "7"]
[White "Berry, Neil"]
[Black "Houriez, Clement"]
[Result "1-0"]
[WhiteElo "2260"]
[BlackElo "2078"]
[PlyCount "39"]
[EventDate "2005.02.12"]
[EventType "swiss"]
[EventRounds "9"]
[EventCountry "FRA"]
[Source "lmi"]
[SourceDate "2005.02.18"]

1. d4 g6 2. c4 Bg7 3. e4 d6 4. Nc3 Nc6 5. Be3 e5 6. d5 Nce7 7. c5 a6 8. cxd6
cxd6 9. Qa4+ Bd7 10. Qb4 Bc8 11. Nf3 h6 12. Bb6 Qd7 13. Nd2 f5 14. Nc4 Nf6 15.
Nxd6+ Kf8 16. Nc4 Nxe4 17. Nxe4 fxe4 18. Bc5 Kf7 19. Nb6 Nxd5 20. Bc4 1-0

[Event "21. Open Cappelle la Grande"]
[Site "Cappelle la Grande FRA"]
[Date "2005.02.17"]
[Round "7"]
[White "Brandenburg, Daan"]
[Black "Parant, Frederic"]
[Result "1-0"]
[WhiteElo "2343"]
[BlackElo "2118"]
[PlyCount "63"]
[EventDate "2005.02.12"]
[EventType "swiss"]
[EventRounds "9"]
[EventCountry "FRA"]
[Source "lmi"]
[SourceDate "2005.02.18"]

1. e4 e6 2. d4 d5 3. Nd2 Nf6 4. e5 Nfd7 5. Bd3 c5 6. c3 Nc6 7. Ne2 cxd4 8. cxd4
f6 9. exf6 Qxf6 10. Nf3 h6 11. O-O Bd6 12. Ng3 O-O 13. Bc2 Rd8 14. Re1 Nf8 15.
Ne5 Bd7 16. f4 Be8 17. Be3 Ne7 18. Qg4 Rac8 19. Bd3 Rc7 20. Rf1 Kh8 21. f5 exf5
22. Nxf5 Nxf5 23. Rxf5 Qe7 24. Bg5 Qxg5 25. Rxg5 hxg5 26. Rf1 Kg8 27. Qxg5 Be7
28. Qg3 Nd7 29. Nf7 Rdc8 30. Nh6+ Kh8 31. Qh3 Nf6 32. Nf5+ 1-0

[Event "21. Open Cappelle la Grande"]
[Site "Cappelle la Grande FRA"]
[Date "2005.02.17"]
[Round "7"]
[White "Brodsky, Michail"]
[Black "Kasparov, Sergey"]
[Result "1-0"]
[WhiteElo "2515"]
[BlackElo "2464"]
[PlyCount "67"]
[EventDate "2005.02.12"]
[EventType "swiss"]
[EventRounds "9"]
[EventCountry "FRA"]
[Source "lmi"]
[SourceDate "2005.02.18"]

1. Nf3 Nf6 2. c4 c5 3. d4 cxd4 4. Nxd4 b6 5. Nc3 Bb7 6. f3 d6 7. e4 e6 8. Be2
Be7 9. Be3 O-O 10. O-O a6 11. Kh1 Nbd7 12. a4 Rb8 13. a5 bxa5 14. Nb3 Ba8 15.
Ra2 Qc7 16. Nxa5 Rfd8 17. Qd2 Ne5 18. Rc1 d5 19. cxd5 Bb4 20. Bf4 Nh5 21. Bxe5
Qxe5 22. Nc4 Qf4 23. Qxf4 Nxf4 24. dxe6 fxe6 25. Bf1 Nd3 26. Bxd3 Rxd3 27. Ne2
Rbd8 28. Raa1 g5 29. h3 Bb7 30. Ng3 Rc8 31. Nh5 a5 32. Ne5 Rxc1+ 33. Rxc1 Re3
34. Rc7 1-0

[Event "21. Open Cappelle la Grande"]
[Site "Cappelle la Grande FRA"]
[Date "2005.02.17"]
[Round "7"]
[White "Bruned, Boris"]
[Black "Naumkin, Igor"]
[Result "0-1"]
[WhiteElo "2168"]
[BlackElo "2422"]
[PlyCount "70"]
[EventDate "2005.02.12"]
[EventType "swiss"]
[EventRounds "9"]
[EventCountry "FRA"]
[Source "lmi"]
[SourceDate "2005.02.18"]

1. e4 e5 2. Nf3 Nc6 3. Bb5 a6 4. Bxc6 dxc6 5. Nc3 f6 6. d4 exd4 7. Qxd4 Qxd4 8.
Nxd4 Bd7 9. Bf4 O-O-O 10. O-O-O Ne7 11. Bg3 Ng6 12. f3 Bb4 13. Nce2 Rhe8 14. h4
Bf8 15. h5 Ne5 16. Nf4 Nc4 17. Bf2 b6 18. Nf5 Ne5 19. Bd4 c5 20. Bxe5 fxe5 21.
Nh3 Be6 22. Rxd8+ Rxd8 23. Nf2 Bxa2 24. Ng4 c4 25. Nxe5 c3 26. h6 gxh6 27. Nxh6
Bxh6+ 28. Rxh6 Rd1+ 29. Kxd1 cxb2 30. Nd3 b1=Q+ 31. Kd2 Qg1 32. Ne1 Qf2+ 33.
Kd1 Bc4 34. Rxh7 Qe2+ 35. Kc1 Qxe1+ 0-1

[Event "21. Open Cappelle la Grande"]
[Site "Cappelle la Grande FRA"]
[Date "2005.02.17"]
[Round "7"]
[White "Chernyshov, Konstantin"]
[Black "Genov, Petar"]
[Result "1/2-1/2"]
[WhiteElo "2556"]
[BlackElo "2470"]
[PlyCount "104"]
[EventDate "2005.02.12"]
[EventType "swiss"]
[EventRounds "9"]
[EventCountry "FRA"]
[Source "lmi"]
[SourceDate "2005.02.18"]

1. d4 Nf6 2. g3 d5 3. Bg2 c6 4. Nf3 Bf5 5. O-O h6 6. c4 e6 7. Nc3 Nbd7 8. Nd2
Be7 9. Qb3 Qb6 10. Qxb6 axb6 11. b3 O-O 12. Bb2 Rfd8 13. a3 dxc4 14. e4 Bg6 15.
Nxc4 b5 16. Ne3 b4 17. axb4 Bxb4 18. f3 c5 19. Nb5 cxd4 20. Bxd4 e5 21. Nc2 Bc5
22. Rxa8 Rxa8 23. Bxc5 Nxc5 24. b4 Ra2 25. Ne3 Rb2 26. Rc1 Nd3 27. Rc8+ Kh7 28.
Nd6 Rxb4 29. Bf1 Rb3 30. Nc2 Bh5 31. Kg2 Nd7 32. g4 Bg6 33. Bxd3 Rxd3 34. Nxb7
Nf6 35. Rc4 Ne8 36. Kf2 Nd6 37. Ke2 Nxc4 38. Kxd3 Nb6 39. Kc3 f6 40. Nc5 h5 41.
Ne3 Be8 42. Kd2 Bb5 43. Ke1 Nc4 44. Nf5 g6 45. Ne7 hxg4 46. fxg4 Nd6 47. Kf2
Kg7 48. Ke3 Kf7 49. Nd5 f5 50. exf5 gxf5 51. gxf5 Nxf5+ 52. Ke4 Bc6 1/2-1/2

[Event "21. Open Cappelle la Grande"]
[Site "Cappelle la Grande FRA"]
[Date "2005.02.17"]
[Round "7"]
[White "Cyborowski, Lukasz"]
[Black "Gormally, Daniel"]
[Result "0-1"]
[WhiteElo "2564"]
[BlackElo "2472"]
[PlyCount "64"]
[EventDate "2005.02.12"]
[EventType "swiss"]
[EventRounds "9"]
[EventCountry "FRA"]
[Source "lmi"]
[SourceDate "2005.02.18"]

1. Nf3 f5 2. d3 d6 3. e4 e5 4. Nc3 Nf6 5. exf5 Bxf5 6. d4 Nc6 7. Bb5 exd4 8.
Nxd4 Bd7 9. O-O Be7 10. Bc4 Nxd4 11. Qxd4 c6 12. Bg5 d5 13. Bxf6 Bxf6 14. Rfe1+
Kf8 15. Qc5+ Be7 16. Qe3 Bg5 17. Qg3 Bh4 18. Qd6+ Be7 19. Qf4+ Bf6 20. Rad1 Qb8
21. Qf3 Qd6 22. Ne4 Qe7 23. Ng5 Qb4 24. Qh5 g6 25. Qh6+ Kg8 26. Re4 Qd6 27. Re2
Qf4 28. Rxd5 Qxc4 29. Rdd2 Bg4 30. Ne4 Bg7 31. Qh4 Bxe2 32. Rd8+ Rxd8 0-1

[Event "21. Open Cappelle la Grande"]
[Site "Cappelle la Grande FRA"]
[Date "2005.02.17"]
[Round "7"]
[White "Degraeve, Jean Marc"]
[Black "Amigues, Emmanuel"]
[Result "1/2-1/2"]
[WhiteElo "2569"]
[BlackElo "2349"]
[PlyCount "41"]
[EventDate "2005.02.12"]
[EventType "swiss"]
[EventRounds "9"]
[EventCountry "FRA"]
[Source "lmi"]
[SourceDate "2005.02.18"]

1. e4 c6 2. d4 d5 3. exd5 cxd5 4. Bd3 Nc6 5. c3 Qc7 6. h3 Nf6 7. Ne2 e6 8. Bf4
Bd6 9. Bxd6 Qxd6 10. Nd2 a6 11. a4 Rb8 12. O-O O-O 13. Qb1 Bd7 14. f4 Ne7 15.
Nf3 b5 16. Ne5 bxa4 17. Nxd7 Qxd7 18. Bxa6 Rb6 19. Bd3 Rfb8 20. Ra2 Qb7 21.
Rxa4 1/2-1/2

[Event "21. Open Cappelle la Grande"]
[Site "Cappelle la Grande FRA"]
[Date "2005.02.17"]
[Round "7"]
[White "Delchev, Aleksander"]
[Black "Shengelia, Davit"]
[Result "0-1"]
[WhiteElo "2597"]
[BlackElo "2482"]
[PlyCount "62"]
[EventDate "2005.02.12"]
[EventType "swiss"]
[EventRounds "9"]
[EventCountry "FRA"]
[Source "lmi"]
[SourceDate "2005.02.18"]

1. e4 c5 2. Nf3 d6 3. d4 cxd4 4. Nxd4 Nf6 5. Nc3 Nc6 6. Bg5 e6 7. Qd2 Be7 8.
O-O-O Nxd4 9. Qxd4 a6 10. f4 O-O 11. Kb1 Qa5 12. Qd2 b6 13. Qe1 Ra7 14. h4 Rc7
15. Rh3 Bb7 16. Bxf6 Bxf6 17. Rxd6 Rfc8 18. e5 Be7 19. Rd1 Kf8 20. Rhd3 b5 21.
a3 h5 22. g3 g6 23. Rd7 Bxa3 24. bxa3 Rxd7 25. Rxd7 Rxc3 26. Qd2 Bd5 27. Qd4
Rxa3 28. Be2 Ra4 29. Qc5+ Kg7 30. Rxf7+ Kxf7 31. Qa7+ Ke8 0-1

[Event "21. Open Cappelle la Grande"]
[Site "Cappelle la Grande FRA"]
[Date "2005.02.17"]
[Round "7"]
[White "Draoui, Najib"]
[Black "Yemelin, Vasily"]
[Result "1-0"]
[WhiteElo "2377"]
[BlackElo "2555"]
[PlyCount "99"]
[EventDate "2005.02.12"]
[EventType "swiss"]
[EventRounds "9"]
[EventCountry "FRA"]
[Source "lmi"]
[SourceDate "2005.02.18"]

1. e4 e5 2. Nf3 Nc6 3. Bb5 Nf6 4. d3 d6 5. c3 g6 6. O-O Bg7 7. Nbd2 O-O 8. Re1
Nb8 9. d4 Nbd7 10. Bf1 b6 11. Qa4 a6 12. Qb3 Bb7 13. a4 Re8 14. Bc4 d5 15. exd5
exd4 16. Rxe8+ Nxe8 17. cxd4 Nd6 18. Bf1 Nf6 19. Ne5 Bxd5 20. Qc2 Nf5 21. Ndf3
Nd7 22. Bg5 f6 23. Nc6 Bxc6 24. Qxc6 fxg5 25. Bc4+ Kh8 26. Nxg5 Nd6 27. Qxd6
Qxg5 28. Qxd7 Rd8 29. Qxc7 Bxd4 30. Qf7 Bxb2 31. Re1 Qf6 32. Re8+ Rxe8 33.
Qxe8+ Kg7 34. Qd7+ Kh8 35. Qd5 Kg7 36. Qd7+ Kh8 37. Bxa6 Bd4 38. Qc8+ Kg7 39.
Qc7+ Kf8 40. Qc2 h5 41. g3 h4 42. Kg2 hxg3 43. hxg3 Bc5 44. Bd3 g5 45. a5 Qc6+
46. Be4 Qb5 47. Qc3 Qxa5 48. Qf6+ Kg8 49. Bd5+ Kh7 50. Qf7+ 1-0

[Event "21. Open Cappelle la Grande"]
[Site "Cappelle la Grande FRA"]
[Date "2005.02.17"]
[Round "7"]
[White "Fedorchuk, Sergey A"]
[Black "Camus, Berenger"]
[Result "1-0"]
[WhiteElo "2570"]
[BlackElo "2086"]
[PlyCount "39"]
[EventDate "2005.02.12"]
[EventType "swiss"]
[EventRounds "9"]
[EventCountry "FRA"]
[Source "lmi"]
[SourceDate "2005.02.18"]

1. e4 c5 2. Nf3 Nc6 3. Bb5 e6 4. Bxc6 dxc6 5. d3 Nf6 6. Nbd2 Be7 7. e5 Nd5 8.
Ne4 h6 9. Qe2 b5 10. O-O Qc7 11. c4 Nb6 12. Bf4 O-O 13. b3 Bb7 14. Qe3 Nd7 15.
Rfe1 Rfd8 16. h3 Nf8 17. Bxh6 Ng6 18. Bg5 Bxg5 19. Nexg5 Nxe5 20. Nxe5 1-0

[Event "21. Open Cappelle la Grande"]
[Site "Cappelle la Grande FRA"]
[Date "2005.02.17"]
[Round "7"]
[White "Foisor, Cristina Adela"]
[Black "Baklan, Vladimir"]
[Result "0-1"]
[WhiteElo "2411"]
[BlackElo "2578"]
[PlyCount "116"]
[EventDate "2005.02.12"]
[EventType "swiss"]
[EventRounds "9"]
[EventCountry "FRA"]
[Source "lmi"]
[SourceDate "2005.02.18"]

1. Nf3 g6 2. d4 Bg7 3. c4 Nf6 4. g3 O-O 5. Bg2 d6 6. O-O c6 7. b3 Qa5 8. Qd2
Qh5 9. Qg5 Qxg5 10. Nxg5 c5 11. Bb2 Nfd7 12. Nf3 Nc6 13. Rd1 Rb8 14. Bc3 b6 15.
e3 a6 16. Ne1 Bb7 17. Nc2 b5 18. Bxc6 Bxc6 19. d5 Ba8 20. Bxg7 Kxg7 21. e4 bxc4
22. bxc4 Ne5 23. Ne3 f5 24. exf5 gxf5 25. f4 Nf3+ 26. Kg2 Nd4 27. Rd2 e6 28.
Nc3 exd5 29. cxd5 Rb4 30. Kf2 Kf6 31. Rb1 a5 32. Rdb2 Rfb8 33. Ned1 Nb5 34. Rb3
Nxc3 35. Nxc3 c4 36. Rxb4 axb4 37. Nd1 Bxd5 38. a3 b3 39. Nc3 Be4 40. Rb2 d5
41. Ke3 Ke6 42. Kd4 Kd6 43. g4 fxg4 44. Nxe4+ dxe4 45. Kxc4 e3 46. Kd3 Kc5 47.
f5 e2 48. Kxe2 Kc4 49. Kd2 Rf8 50. Kc1 Rxf5 51. Re2 Kd3 52. Re7 h5 53. Kb2 Rf2+
54. Kxb3 Rxh2 55. a4 Rh1 56. a5 g3 57. Rg7 h4 58. Rg4 Ke3 0-1

[Event "21. Open Cappelle la Grande"]
[Site "Cappelle la Grande FRA"]
[Date "2005.02.17"]
[Round "7"]
[White "Foisor, Ovidiu Doru"]
[Black "Myrstad, Odd"]
[Result "1-0"]
[WhiteElo "2381"]
[BlackElo "2140"]
[PlyCount "41"]
[EventDate "2005.02.12"]
[EventType "swiss"]
[EventRounds "9"]
[EventCountry "FRA"]
[Source "lmi"]
[SourceDate "2005.02.18"]

1. d4 d5 2. c4 dxc4 3. e3 a6 4. Bxc4 b5 5. Qf3 bxc4 6. Qxa8 Bg4 7. Nc3 Nf6 8.
Nf3 e6 9. Ne5 Bb4 10. Nc6 Nxc6 11. Qxc6+ Ke7 12. Qxc4 Qd6 13. f3 Bh5 14. e4
Bxc3+ 15. Qxc3 Qb6 16. Be3 Rb8 17. O-O Qxb2 18. Qxc7+ Nd7 19. d5 Rb7 20. d6+
Kf6 21. Qd8+ 1-0

[Event "21. Open Cappelle la Grande"]
[Site "Cappelle la Grande FRA"]
[Date "2005.02.17"]
[Round "7"]
[White "Georgiev, Krum"]
[Black "Zdebskaja, Natalia"]
[Result "1/2-1/2"]
[WhiteElo "2456"]
[BlackElo "2296"]
[PlyCount "35"]
[EventDate "2005.02.12"]
[EventType "swiss"]
[EventRounds "9"]
[EventCountry "FRA"]
[Source "lmi"]
[SourceDate "2005.02.18"]

1. e4 c6 2. Nc3 d5 3. Nf3 Bg4 4. Be2 dxe4 5. Nxe4 Nd7 6. Nfg5 Bxe2 7. Qxe2 Ndf6
8. b3 e6 9. Bb2 h6 10. Nxf6+ Nxf6 11. Nf3 Bd6 12. Ne5 Qc7 13. Nc4 Be7 14. Be5
Qd7 15. f4 Rg8 16. O-O-O O-O-O 17. Qf2 b5 18. Nb2 1/2-1/2

[Event "21. Open Cappelle la Grande"]
[Site "Cappelle la Grande FRA"]
[Date "2005.02.17"]
[Round "7"]
[White "Gerard, Nicolas"]
[Black "Thorhallsson, Throstur"]
[Result "1/2-1/2"]
[WhiteElo "2329"]
[BlackElo "2455"]
[PlyCount "63"]
[EventDate "2005.02.12"]
[EventType "swiss"]
[EventRounds "9"]
[EventCountry "FRA"]
[Source "lmi"]
[SourceDate "2005.02.18"]

1. d4 d5 2. c4 e6 3. Nc3 Nf6 4. cxd5 exd5 5. Bg5 c6 6. Qc2 Be7 7. e3 O-O 8. Bd3
Nbd7 9. Nge2 Re8 10. O-O Nf8 11. f3 Be6 12. Rad1 Qa5 13. Ng3 Rad8 14. Kh1 Nh5
15. Nxh5 Bxg5 16. f4 Bh6 17. f5 Bc8 18. e4 dxe4 19. Bxe4 Kh8 20. d5 cxd5 21.
Bxd5 f6 22. Ng3 Nd7 23. Bf7 Rf8 24. Be6 Ne5 25. Qb3 Rxd1 26. Rxd1 Ng4 27. Rd5
Qb6 28. Qxb6 axb6 29. Nge4 Re8 30. Bf7 Rf8 31. Be6 Re8 32. Bf7 1/2-1/2

[Event "21. Open Cappelle la Grande"]
[Site "Cappelle la Grande FRA"]
[Date "2005.02.17"]
[Round "7"]
[White "Gharamian, Tigran"]
[Black "Paleologu, Vladimir"]
[Result "1/2-1/2"]
[WhiteElo "2420"]
[BlackElo "2158"]
[PlyCount "67"]
[EventDate "2005.02.12"]
[EventType "swiss"]
[EventRounds "9"]
[EventCountry "FRA"]
[Source "lmi"]
[SourceDate "2005.02.18"]

1. e4 d6 2. d4 Nf6 3. Nc3 c6 4. f4 Qa5 5. Bd3 d5 6. e5 Ne4 7. Qf3 Na6 8. Nge2
Nb4 9. f5 Nxc3 10. bxc3 Nxd3+ 11. Qxd3 e6 12. fxe6 Bxe6 13. O-O g6 14. Bg5 Bg7
15. Qd2 h5 16. h3 Qc7 17. Rf2 Rc8 18. Raf1 Qa5 19. Nc1 b6 20. Nb3 Qa3 21. Qd3
O-O 22. Qg3 Rc7 23. Qh4 Kh7 24. Bd8 Rd7 25. Bg5 Bh6 26. Bxh6 Kxh6 27. g4 Qe7
28. Rf6 Kg7 29. Qg3 hxg4 30. hxg4 Rh8 31. Nd2 Qa3 32. Qf3 Kg8 33. Rf2 Rh4 34.
Rf4 1/2-1/2

[Event "21. Open Cappelle la Grande"]
[Site "Cappelle la Grande FRA"]
[Date "2005.02.17"]
[Round "7"]
[White "Giffard, Nicolas"]
[Black "Williams, Simon"]
[Result "0-1"]
[WhiteElo "2348"]
[BlackElo "2487"]
[PlyCount "86"]
[EventDate "2005.02.12"]
[EventType "swiss"]
[EventRounds "9"]
[EventCountry "FRA"]
[Source "lmi"]
[SourceDate "2005.02.18"]

1. d4 e6 2. Nf3 f5 3. Bf4 Nf6 4. e3 Be7 5. Nbd2 O-O 6. Bd3 Nc6 7. c3 d6 8. h3
Nd7 9. Bc4 Nb6 10. Bb3 Kh8 11. g4 Qe8 12. Qe2 Bf6 13. g5 Bd8 14. h4 e5 15. dxe5
dxe5 16. Bh2 a5 17. a4 Nd7 18. Bd5 e4 19. Bxc6 bxc6 20. Nd4 Ba6 21. c4 c5 22.
Nc6 Qe6 23. Nxd8 Raxd8 24. Bxc7 Ne5 25. Bxd8 Rxd8 26. b3 Bb7 27. O-O-O Nd3+ 28.
Kb1 Qe5 29. Nf1 Bc6 30. Ng3 Rb8 31. Rxd3 exd3 32. Qxd3 Bxh1 33. Nxh1 Qh2 34.
Ng3 Qg1+ 35. Nf1 Qxf2 36. h5 Qh4 37. Qd6 Re8 38. Ng3 Qxg5 39. Qd7 Rd8 40. Qc7
h6 41. Qxa5 Re8 42. Qc7 Qxe3 43. Ka2 f4 0-1

[Event "21. Open Cappelle la Grande"]
[Site "Cappelle la Grande FRA"]
[Date "2005.02.17"]
[Round "7"]
[White "Hebden, Mark"]
[Black "Payen, Arnaud"]
[Result "1-0"]
[WhiteElo "2521"]
[BlackElo "2384"]
[PlyCount "43"]
[EventDate "2005.02.12"]
[EventType "swiss"]
[EventRounds "9"]
[EventCountry "FRA"]
[Source "lmi"]
[SourceDate "2005.02.18"]

1. d4 d5 2. c4 e6 3. Nf3 Nf6 4. Bg5 Nbd7 5. e3 c6 6. Nbd2 h6 7. Bf4 Be7 8. Bd3
c5 9. O-O O-O 10. Rc1 b6 11. cxd5 exd5 12. Ne5 Bb7 13. Qf3 Nxe5 14. dxe5 Nd7
15. Qg4 Bg5 16. Bxg5 hxg5 17. f4 Qe7 18. Nf3 gxf4 19. exf4 g6 20. Rce1 c4 21.
Bc2 d4 22. Nxd4 1-0

[Event "21. Open Cappelle la Grande"]
[Site "Cappelle la Grande FRA"]
[Date "2005.02.17"]
[Round "7"]
[White "Iskusnyh, Sergei"]
[Black "Svetushkin, Dmitry"]
[Result "0-1"]
[WhiteElo "2459"]
[BlackElo "2530"]
[PlyCount "64"]
[EventDate "2005.02.12"]
[EventType "swiss"]
[EventRounds "9"]
[EventCountry "FRA"]
[Source "lmi"]
[SourceDate "2005.02.18"]

1. d4 d5 2. c4 c6 3. Nf3 Nf6 4. Nc3 a6 5. c5 Nbd7 6. Bf4 Nh5 7. Bg5 h6 8. Bd2
Nhf6 9. Qc2 Qc7 10. e4 dxe4 11. Nxe4 Nxe4 12. Qxe4 Nf6 13. Qc2 Be6 14. Bd3 Bd5
15. Ne5 Nd7 16. f4 Bxg2 17. Rg1 Bd5 18. O-O-O Nxe5 19. fxe5 g6 20. Rdf1 h5 21.
Kb1 Be6 22. Bc4 Bxc4 23. Qxc4 e6 24. Rxg6 O-O-O 25. Rgf6 Rd7 26. Qa4 Re7 27.
Ba5 Qd7 28. d5 Bg7 29. d6 Bxf6 30. Rxf6 Ree8 31. Bc7 Reg8 32. a3 Rg5 0-1

[Event "21. Open Cappelle la Grande"]
[Site "Cappelle la Grande FRA"]
[Date "2005.02.17"]
[Round "7"]
[White "Janahi, Zeyaad"]
[Black "Dzhumaev, Marat"]
[Result "0-1"]
[WhiteElo "2171"]
[BlackElo "2569"]
[PlyCount "56"]
[EventDate "2005.02.12"]
[EventType "swiss"]
[EventRounds "9"]
[EventCountry "FRA"]
[Source "lmi"]
[SourceDate "2005.02.18"]

1. e4 g6 2. d4 Bg7 3. Nc3 c6 4. f4 d5 5. Nf3 dxe4 6. Nxe4 Nd7 7. Bd3 Ngf6 8.
Nxf6+ Nxf6 9. c3 O-O 10. O-O Qc7 11. Qc2 c5 12. f5 c4 13. Be4 Nxe4 14. Qxe4
Bxf5 15. Qh4 f6 16. g4 Bd3 17. Re1 e5 18. dxe5 fxe5 19. Ng5 h6 20. Ne4 g5 21.
Qg3 Rad8 22. h4 Qc6 23. Nf2 Rf3 24. Qh2 Qb6 25. hxg5 Rdf8 26. gxh6 Rxf2 27. Be3
Rxh2 28. Bxb6 Rxh6 0-1

[Event "21. Open Cappelle la Grande"]
[Site "Cappelle la Grande FRA"]
[Date "2005.02.17"]
[Round "7"]
[White "Jaracz, Pawel"]
[Black "Anka, Emil"]
[Result "1-0"]
[WhiteElo "2532"]
[BlackElo "2437"]
[PlyCount "135"]
[EventDate "2005.02.12"]
[EventType "swiss"]
[EventRounds "9"]
[EventCountry "FRA"]
[Source "lmi"]
[SourceDate "2005.02.18"]

1. d4 Nf6 2. Nf3 e6 3. c4 b6 4. Nc3 Bb7 5. a3 d5 6. Bg5 Be7 7. Bxf6 Bxf6 8.
cxd5 exd5 9. Qa4+ c6 10. g3 O-O 11. Bg2 Re8 12. O-O Nd7 13. Rfd1 Nf8 14. e3 Qd6
15. Rac1 h6 16. Ne1 Ne6 17. b4 a6 18. Qb3 Bc8 19. a4 b5 20. Ra1 Bd7 21. Nd3 h5
22. Rd2 h4 23. Rda2 Rad8 24. axb5 axb5 25. Ra6 Nc7 26. Ra7 Ra8 27. Qd1 Rxa7 28.
Rxa7 Ra8 29. Rxa8+ Nxa8 30. gxh4 Bxh4 31. Qh5 Bf6 32. Nxd5 cxd5 33. Bxd5 Qf8
34. Be4 g6 35. Qf3 Bf5 36. Bxf5 gxf5 37. Qxf5 Bg7 38. Qxb5 Qc8 39. Qg5 Nc7 40.
Nc5 Qa8 41. Qf5 Nd5 42. Qe4 Bf8 43. Qg4+ Bg7 44. Qe4 Bf8 45. Nd7 Be7 46. Qg4+
Kh7 47. Qh5+ Kg8 48. Ne5 Qf8 49. b5 Qg7+ 50. Kf1 Qf6 51. Qg4+ Kh8 52. Qh3+ Qh4
53. Qf5 Nf6 54. Nxf7+ Kg7 55. Ne5 Qe4 56. Qxe4 Nxe4 57. b6 Nd6 58. Nc6 Bh4 59.
e4 Kf7 60. f4 Ke6 61. d5+ Kd7 62. e5 Nb7 63. f5 Bg5 64. f6 Ke8 65. Ke2 Kf7 66.
Kf3 Bxf6 67. exf6 Kxf6 68. Kf4 1-0

[Event "21. Open Cappelle la Grande"]
[Site "Cappelle la Grande FRA"]
[Date "2005.02.17"]
[Round "7"]
[White "Kadziolka, Beata"]
[Black "Burg, Twan"]
[Result "0-1"]
[WhiteElo "2321"]
[BlackElo "2099"]
[PlyCount "52"]
[EventDate "2005.02.12"]
[EventType "swiss"]
[EventRounds "9"]
[EventCountry "FRA"]
[Source "lmi"]
[SourceDate "2005.02.18"]

1. e4 c5 2. Nf3 e6 3. Nc3 a6 4. d4 cxd4 5. Nxd4 Qc7 6. Bd3 d6 7. f4 b5 8. Qf3
Bb7 9. Bd2 Nd7 10. O-O g6 11. Qh3 Bg7 12. Nf3 Ngf6 13. Rae1 h5 14. f5 Ng4 15.
fxe6 fxe6 16. Kh1 O-O-O 17. a4 b4 18. Nd1 a5 19. Ng5 Rhe8 20. Rf7 Be5 21. Bb5
Bc6 22. Qb3 d5 23. Nxe6 Rxe6 24. exd5 Bc3 25. g3 Rxe1+ 26. Bxe1 Bxb5 0-1

[Event "21. Open Cappelle la Grande"]
[Site "Cappelle la Grande FRA"]
[Date "2005.02.17"]
[Round "7"]
[White "Kovchan, Alexander"]
[Black "Bobras, Piotr"]
[Result "1-0"]
[WhiteElo "2485"]
[BlackElo "2481"]
[PlyCount "57"]
[EventDate "2005.02.12"]
[EventType "swiss"]
[EventRounds "9"]
[EventCountry "FRA"]
[Source "lmi"]
[SourceDate "2005.02.18"]

1. e4 c5 2. Nf3 d6 3. d4 cxd4 4. Nxd4 Nf6 5. Nc3 a6 6. Be2 e5 7. Nb3 Be7 8. O-O
O-O 9. Bf3 Be6 10. a4 Nc6 11. Nd5 Rc8 12. a5 Bxd5 13. exd5 Nb8 14. Nd2 Nbd7 15.
c4 Ne8 16. b4 Bg5 17. Be2 f5 18. Bb2 Qe7 19. Nb3 h5 20. c5 h4 21. Bc4 Bf4 22.
c6 Nb8 23. Nc5 bxc6 24. dxc6+ Rf7 25. Nd3 Bh6 26. b5 axb5 27. Bxf7+ Qxf7 28.
Nb4 Qc4 29. Nd5 1-0

[Event "21. Open Cappelle la Grande"]
[Site "Cappelle la Grande FRA"]
[Date "2005.02.17"]
[Round "7"]
[White "Kuzmicz, Krystian"]
[Black "Kruppa, Yuri"]
[Result "0-1"]
[WhiteElo "2375"]
[BlackElo "2553"]
[PlyCount "84"]
[EventDate "2005.02.12"]
[EventType "swiss"]
[EventRounds "9"]
[EventCountry "FRA"]
[Source "lmi"]
[SourceDate "2005.02.18"]

1. g3 d5 2. Bg2 c6 3. c4 e6 4. Nf3 dxc4 5. a4 Na6 6. Qc2 Nb4 7. Qxc4 Qd5 8. Qc3
Nf6 9. d3 Na2 10. Qc2 Nxc1 11. Qxc1 Bb4+ 12. Nc3 O-O 13. O-O Qa5 14. Nd2 e5 15.
Nc4 Qc7 16. Na2 Be7 17. Qc3 Nd7 18. b4 Nb6 19. a5 Nxc4 20. Qxc4 Be6 21. Qc2 a6
22. Rab1 Rad8 23. Rfd1 Rd4 24. e3 Bxa2 25. Qxa2 Rxb4 26. d4 exd4 27. exd4 Rb5
28. d5 c5 29. Rxb5 axb5 30. a6 Bd6 31. Bf1 c4 32. Rb1 bxa6 33. Qxa6 Rb8 34.
Rxb5 Rxb5 35. Qxb5 c3 36. Qe8+ Bf8 37. d6 Qxd6 38. Bc4 Qg6 39. Qe1 c2 40. Qc1
Bc5 41. Qd2 h5 42. Qc3 Kh8 0-1